[Event "GER-chT North U12"]
[Site "Magdeburg"]
[Date "2014.09.14"]
[Round "7.3"]
[White "Schuster, Tobias"]
[Black "Breitzmann, Sander"]
[Result "1-0"]
[WhiteElo "995"]
[BlackElo "1329"]
[PlyCount "49"]
[EventDate "2014.09.11"]
[EventType "team-swiss"]
[EventRounds "7"]
[EventCountry "GER"]
[SourceTitle "EXT 2016"]
[Source "ChessBase"]
[SourceDate "2015.10.08"]
[SourceVersion "1"]
[SourceVersionDate "2015.10.08"]
[SourceQuality "1"]
[WhiteTeam "Gottingen Rochade"]
[BlackTeam "Berlin Empor"]
[WhiteTeamCountry "GER"]
[BlackTeamCountry "GER"]

1. e4 e5 2. f4 exf4 3. Nf3 d6 4. Bc4 g5 5. 0-0 Nc6 6. d4 Bg7 7. c3 h6 8. Nbd2 Nge7 9. b3 f5 10. exf5 Bxf5 11. Ba3 Qd7 12. Qe2 0-0-0 13. Bb5 a6 14. d5 Nxd5 15. Bxa6 Nxc3 16. Bxb7+ Kxb7 17. Qf2 Nd5 18. Rac1 Ne3 19. Rfe1 Ne5 20. Nxe5 dxe5 21. Qe2 Qxd2 22. Qb5+ Kc8 23. Qa6+ Kd7 24. Qc6+ Kc8 25. Qxc7# 1-0

[Event "GER-chT North U12"]
[Site "Magdeburg"]
[Date "2014.09.13"]
[Round "6.3"]
[White "Hoefs, Cederik"]
[Black "Schuster, Tobias"]
[Result "1-0"]
[WhiteElo "1129"]
[BlackElo "995"]
[PlyCount "123"]
[EventDate "2014.09.11"]
[EventType "team-swiss"]
[EventRounds "7"]
[EventCountry "GER"]
[SourceTitle "EXT 2016"]
[Source "ChessBase"]
[SourceDate "2015.10.08"]
[SourceVersion "1"]
[SourceVersionDate "2015.10.08"]
[SourceQuality "1"]
[WhiteTeam "Harksheide"]
[BlackTeam "Gottingen Rochade"]
[WhiteTeamCountry "GER"]
[BlackTeamCountry "GER"]

1. e4 c6 2. d4 d5 3. exd5 cxd5 4. Nc3 Nf6 5. Nf3 Bf5 6. Be2 Nc6 7. 0-0 e6 8. Bf4 Bb4 9. a3 Bd6 10. Bxd6 Qxd6 11. Re1 0-0-0 12. Nb5 Qe7 13. Ne5 Nxe5 14. dxe5 Ne4 15. f3 Qc5+ 16. Qd4 Qxd4+ 17. Nxd4 Nc5 18. Nxf5 exf5 19. Bd3 g6 20. Rad1 Rde8 21. Bb5 Re7 22. b4 Ne6 23. g3 h5 24. f4 a6 25. Ba4 b5 26. Bb3 Nc7 27. c3 Ne6 28. Bxd5 Rf8 29. Kf2 Nc7 30. Bb3 Rd7 31. Rxd7 Kxd7 32. Rd1+ Kc6 33. Rd6+ Kb7 34. Bd5+ Kc8 35. Bb3 Ne8 36. Rd4 Kc7 37. c4 bxc4 38. Rxc4+ Kb6 39. Ba4 a5 40. Rc6+ Kb7 41. bxa5 Nc7 42. Rb6+ Ka7 43. Ke2 Rd8 44. Bb3 Rd7 45. Rf6 Nd5 46. Bxd5 Rxd5 47. Rxf7+ Kb8 48. a6 Ra5 49. a7+ Kc8 50. a8Q+ Rxa8 51. Rf8+ Kb7 52. Rxa8 Kc7 53. Rg8 Kd7 54. Rxg6 Ke7 55. Rg5 Kf7 56. a4 Ke6 57. Rxh5 Kd5 58. Rxf5 Kc6 59. a5 Kc7 60. a6 Kd7 61. a7 Ke7 62. a8Q 1-0